000 00305nam a22001337a 4500
020 _a81-88697-18-4
082 _a823
_bDIC/G
100 _aDICKENS,CHARLES
245 _aGREAT WORKS OF CHARLES DICKENS
260 _aDELHI
_bBLACK ROSE PUBLICATIONS
300 _a752
650 _aNOVELS
_zDELHI
942 _cBK
999 _c3596
_d3596